Countries on the Same Longitude as New York - Statistics

General Stats
  • This quiz has been taken 80 times
  • The average score is 5 of 7
Answer Stats
Answer % Correct
Canada
97%
Colombia
80%
Chile
78%
Peru
76%
United States
76%
Bahamas
67%
Haiti
67%
No matching quizzes found
Score Distribution
Percent of People with Each Score
Percentile by Number Answered
Your Score History
You have not taken this quiz